| 000 | 00567nam a2200169Ia 4500 | ||
|---|---|---|---|
| 008 | 210329s9999||||xx |||||||||||||| ||und|| | ||
| 020 | _a81 7055 164 1 | ||
| 040 | _cSTCPL | ||
| 041 | _hHND | ||
| 082 |
_a891.4309 _bRAY-I |
||
| 100 | _aRay Lallan | ||
| 245 | 0 |
_aTulsi ki sahitya sadhana _hतुलसी की साहित्य साधना |
|
| 260 |
_aKottam _bVani Prakashan _c1994 |
||
| 300 | _aP- 159 21 CM | ||
| 650 | _aGeneralVECTORS, MATRICES, MULTIVARIATE, VARIANCE, REGRESSION, CANONICAL CORRELATION, MATRIX ALGEBRA, DISKETTE, | ||
| 942 | _cBK | ||
| 999 |
_c47092 _d47092 |
||